Catalog

Record Details

Catalog Search



Available copies

  • 3 of 3 copies available at LARL/NWRL Consortium.

Current holds

0 current holds with 3 total copies.

Show Only Available Copies
Location Call Number / Copy Notes Barcode Shelving Location Status Due Date
Godel Memorial-Warren Library DAH (Text) 35500005375678 Main Available -
Greenbush Public Library DAH (Text) 35500005375652 Main Available -
Roseau Public Library DAH (Text) 35500005375686 Main Available -

Record details

  • ISBN: 9780345535337 (hbk. : acid-free paper)
  • ISBN: 0345535332 (hbk. : acid-free paper)
  • Physical Description: 336 pages ; 22 cm.
  • Edition: First edition.
  • Publisher: New York : Ballantine Books, 2014

Content descriptions

Summary, etc.:
An ill wind blows through Alpine, but Advocate ... Read More
Subject: Lord, Emma (Fictitious character) > Fiction.
Women publishers > Fiction.
Washington (State) > Fiction.
Genre: Mystery fiction.
LDR 02167cam a2200421 i 4500
001164180
003LARL_NWRL_CONSORTIUM
00520140331120745.0
008140203s2014 nyu 000 1 eng
010 . ‡a2014002236
020 . ‡a9780345535337 (hbk. : acid-free paper)
020 . ‡a0345535332 (hbk. : acid-free paper)
035 . ‡a(OCoLC)869881199
040 . ‡aDLC ‡erda ‡beng ‡cDLC ‡dIG# ‡dYDXCP ‡dOCLCO ‡dILC ‡dGZD
043 . ‡an-us-wa
049 . ‡aNRG
08200. ‡a813/.54 ‡223
099 . ‡aMYS
1001 . ‡aDaheim, Mary. ‡0(LARL_NWRL_CONSORTIUM)110616
24514. ‡aThe Alpine yeoman ‡n#25 / ‡cMary Daheim.
250 . ‡aFirst edition.
260 . ‡aNew York : ‡bBallantine Books, ‡c2014
300 . ‡a336 pages ; ‡c22 cm.
336 . ‡atext ‡2rdacontent.
337 . ‡aunmediated ‡2rdamedia.
338 . ‡avolume ‡2rdacarrier.
4900 . ‡aEmma Lord ; ‡v25
520 . ‡aAn ill wind blows through Alpine, but Advocate publisher Emma Lord and Sheriff Milo Dodge seem immune to the prevailing angst-- until a dead man is discovered near the fish hatchery and nobody has a clue as to his identity. Whispers of scandal travel through the quaint streets when some high school girls mysteriously take a walk on the wild side. And then Milo's dedicated deputy, Sam Heppner, a true yeoman, suddenly goes AWOL. And Emma's again headed for trouble when she starts snooping....
650 0. ‡aLord, Emma (Fictitious character) ‡vFiction. ‡0(LARL_NWRL_CONSORTIUM)173128
650 0. ‡aWomen publishers ‡vFiction.
651 0. ‡aWashington (State) ‡vFiction. ‡0(LARL_NWRL_CONSORTIUM)167966
655 7. ‡aMystery fiction. ‡2gsafd.
901 . ‡a164180 ‡bISxN ‡c164180 ‡tbiblio

Additional Resources